000 00864nas a2200265 i 4500
001 1662
003 ES-MaACL
005 20250217134323.0
007 t|
008 950801d18681939fr m| | 1 ||re d
080 _a011
245 0 0 _aPolybiblion
_b: revue bibliographique universelle.
260 _aParis :
_bBureaux de la Revue,
_c1868-1939 (
_fAdrien Le Clere)
300 _a124 v. ;
_c24 cm.
310 _aMensual
362 0 _a1. année, 1. livraison (fév. 1868)-(1939)
500 _aNo se publicó en 1871.
500 _aA partir del año 1875 no figura el año de publicación de la revista.
650 4 _aBibliografía.
_910516
650 4 _aBibliografías universales.
_9147141
740 0 _aRevue bibliographique universelle.
852 _aES-MaACL
_jHem-A-10
866 0 _o1869(1870).1872-1913(1914)1915-19(1920).
999 _c1662
_d1662